| 000 | 00658nam a2200229 4500 | ||
|---|---|---|---|
| 008 | 180731b xxu||||| |||| 00| 0 eng d | ||
| 020 | _a9781780743806 | ||
| 082 |
_a956.9405 _bSh51p |
||
| 100 | _aSherbok, Dan Cohn | ||
| 245 | _aThe Palestine-Israeli conflict; a beginner's guide | ||
| 250 | _arev. ed. | ||
| 260 |
_aLondon: _bOneworld Publications, _c2015 |
||
| 300 | _axxii,313p. | ||
| 504 | _aBibliography: p.294-297 | ||
| 650 | _aArab-Israell conflict | ||
| 650 | _aHistory - palestine | ||
| 650 | _aHistory - Israeli | ||
| 650 | _awar- termination | ||
| 650 |
_apolitical conflict _94307 |
||
| 700 | _aEl-Alami, Dawoud | ||
| 942 |
_2ddc _cGEN |
||
| 999 |
_c83310 _d83299 |
||